| Tag |
First Indicator |
Second Indicator |
Subfields |
| LEADER |
00000cam a2200000 a 4500 |
| 001 |
in00000019294 |
| 005 |
20151007054227.0 |
| 008 |
861126s1987 dcua cb 00110 eng |
| 010 |
|
|
|a 86083190
|
| 020 |
|
|
|a 0940979012
|
| 020 |
|
|
|a 0940979020 (pbk.)
|
| 035 |
|
|
|a (OCoLC)15815023
|
| 035 |
|
|
|9 AAB4389AM
|
| 040 |
|
|
|a DLC
|c DLC
|d TXA
|d UtOrBLW
|
| 043 |
|
|
|a n-us---
|
| 049 |
|
|
|a TXAM
|c [A11072847]
|
| 050 |
0 |
0 |
|a ND210
|b .T75 1987
|
| 082 |
0 |
|
|a 750/.88042
|2 19
|
| 100 |
1 |
|
|a Tufts, Eleanor.
|
| 245 |
1 |
0 |
|a American women artists, 1830-1930 /
|c Eleanor Tufts ; introductory essays by Gail Levin, Alessandra Comini & Wanda M. Corn.
|
| 264 |
|
1 |
|a Washington, D.C. :
|b International Exhibitions Foundation for the National Museum of Women in the Arts,
|c 1987.
|
| 300 |
|
|
|a 256 pages :
|b illustrations (some color) ;
|c 34 cm.
|
| 336 |
|
|
|a text
|b txt
|2 rdacontent
|
| 337 |
|
|
|a unmediated
|b n
|2 rdamedia
|
| 338 |
|
|
|a volume
|b nc
|2 rdacarrier
|
| 500 |
|
|
|a Catalog of an exhibition held at the National Museum of Women in the Arts, Washington, D.C., 10 Apr.-14 June, 1987 and 4 other museums, 5 July, 1987-17 Apr. 1988.
|
| 504 |
|
|
|a Bibliography: page 254.
|
| 500 |
|
|
|a Includes index.
|
| 650 |
|
0 |
|a Painting, American
|y 19th century
|v Exhibitions.
|
| 650 |
|
0 |
|a Painting, American
|y 20th century
|v Exhibitions.
|
| 650 |
|
0 |
|a Women painters
|z United States
|v Exhibitions.
|
| 710 |
2 |
|
|a National Museum of Women in the Arts (U.S.)
|
| 710 |
2 |
|
|a International Exhibitions Foundation.
|
| 999 |
|
|
|a MARS
|
| 999 |
f |
f |
|s 4d977f72-eea3-38bb-a3a6-d9401daf7dbf
|i 7ec4b00c-7839-3002-8b8d-3d1773e1fd8c
|t 0
|
| 952 |
f |
f |
|p normal
|a Texas A&M University
|b College Station
|c Sterling C. Evans Library
|d Evans: Library Stacks
|t 0
|e ND210 .T75 1987
|h Library of Congress classification
|i unmediated -- volume
|m A14811072847
|
| 998 |
f |
f |
|a ND210 .T75 1987
|t 0
|l Evans: Library Stacks
|